[Event "Wch U18 Girls"]
[Site "Montesilvano"]
[Date "2023.11.23"]
[Round "10"]
[White "Hoanca, Alexia Ioana"]
[Black "Largo, Franchesca"]
[Result "0-1"]
[WhiteElo "1830"]
[BlackElo "1658"]
[PlyCount "110"]
[EventDate "2023.11.13"]
[EventType "swiss"]
[EventRounds "11"]
[EventCountry "ITA"]
[SourceTitle "CB48_2023"]
[SourceDate "2023.11.29"]
[SourceVersion "1"]
[SourceVersionDate "2023.11.29"]
[SourceQuality "1"]

1. e4 d6 2. d4 Nf6 3. Nc3 e5 4. Nf3 exd4 5. Nxd4 Be7 6. Bc4 0-0 7. 0-0 Nc6 8. Re1 Ne5 9. Bf1 Re8 10. h3 Bf8 11. f4 Ned7 12. g4 Nc5 13. Bg2 a5 14. g5 Nfd7 15. h4 c6 16. h5 Nb6 17. f5 Nc4 18. Bf4 Ne5 19. Re3 b5 20. Rg3 b4 21. Nce2 Qc7 22. Qe1 Ned7 23. g6 Nxe4 24. gxf7+ Kxf7 25. Bxe4 Rxe4 26. Qf2 Nf6 27. Qf3 h6 28. Ne6 Bxe6 29. fxe6+ Rxe6 30. Kh1 Rae8 31. Nd4 Re1+ 32. Rxe1 Rxe1+ 33. Kg2 c5 34. Nf5 Qd7 35. Ne3 Qe6 36. Rg6 d5 37. Kf2 Rb1 38. Kg2 Qe4 39. Qxe4 dxe4 40. Be5 Re1 41. Kf2 Rh1 42. Bxf6 gxf6 43. Rg4 Rxh5 44. Rxe4 Bd6 45. Nc4 Bc7 46. Kg1 Rh2 47. Nxa5 Rxc2 48. Nc4 f5 49. Rh4 Bg3 50. Rh3 Rxc4 51. Rxg3 Rg4 52. Kf2 Rxg3 53. Kxg3 c4 54. a4 c3 55. a5 cxb2 0-1

[Event "Wch U18 Girls"]
[Site "Montesilvano"]
[Date "2023.11.21"]
[Round "8"]
[White "Sovetbekova, Nurai"]
[Black "Largo, Franchesca"]
[Result "1-0"]
[WhiteElo "1801"]
[BlackElo "1658"]
[PlyCount "83"]
[EventDate "2023.11.13"]
[EventType "swiss"]
[EventRounds "11"]
[EventCountry "ITA"]
[SourceTitle "CB48_2023"]
[SourceDate "2023.11.29"]
[SourceVersion "1"]
[SourceVersionDate "2023.11.29"]
[SourceQuality "1"]

1. d4 Nf6 2. c4 g6 3. Nc3 Bg7 4. e4 d6 5. Be2 0-0 6. Be3 e5 7. d5 a5 8. g4 Na6 9. g5 Ne8 10. h4 f5 11. gxf6 Nxf6 12. h5 Nc5 13. hxg6 hxg6 14. Qc2 Ng4 15. Bxg4 Bxg4 16. Nge2 Bf3 17. Rh3 g5 18. 0-0-0 g4 19. Rh2 Kf7 20. Rh5 Ke8 21. Rg1 Qf6 22. Ng3 Rf7 23. Nf5 Bf8 24. Ng3 Kd7 25. Rf5 Qg7 26. Na4 Ra6 27. Nh5 Qg6 28. Nxc5+ dxc5 29. Rxe5 Bh6 30. Qd2 Qd6 31. Qc3 Bxe3+ 32. fxe3 Qh6 33. Qd2 Qh8 34. Rg5 Rh6 35. Ng3 Rh2 36. Qc3 Qh6 37. Rf5 Re7 38. e5 Rh3 39. e6+ Ke8 40. Rf6 Qh8 41. Qxa5 Reh7 42. Rxf3 1-0

[Event "Wch U18 Girls"]
[Site "Montesilvano"]
[Date "2023.11.13"]
[Round "1"]
[White "Largo, Franchesca"]
[Black "Voriskova, Anna"]
[Result "1-0"]
[WhiteElo "1658"]
[BlackElo "2065"]
[PlyCount "113"]
[EventDate "2023.11.13"]
[EventType "swiss"]
[EventRounds "11"]
[EventCountry "ITA"]
[SourceTitle "CB48_2023"]
[SourceDate "2023.11.29"]
[SourceVersion "1"]
[SourceVersionDate "2023.11.29"]
[SourceQuality "1"]

1. e4 c5 2. Nf3 e6 3. c3 Nf6 4. e5 Nd5 5. d4 cxd4 6. cxd4 b6 7. Bd3 Be7 8. Nc3 Nxc3 9. bxc3 Ba6 10. 0-0 0-0 11. a4 Bxd3 12. Qxd3 d6 13. exd6 Qxd6 14. Ba3 Qc7 15. Bxe7 Qxe7 16. a5 Nd7 17. axb6 Nxb6 18. c4 Rfd8 19. Rfc1 Rac8 20. c5 Nd5 21. Qa6 Rc7 22. Rab1 Nf4 23. g3 Nh3+ 24. Kg2 Ng5 25. Ne5 Qf6 26. h4 Ne4 27. Qe2 Qf5 28. Rb3 h5 29. Rf3 Qh7 30. Qe3 f6 31. Nc4 Qg6 32. Rf4 f5 33. Re1 Rb7 34. Ne5 Qe8 35. Re2 Rb4 36. f3 Nf6 37. Nd3 Nd5 38. Qe5 Nxf4+ 39. Nxf4 Rdxd4 40. Nxe6 Rd7 41. Qc3 Re4 42. fxe4 Qxe6 43. e5 f4 44. Qf3 fxg3 45. Kxg3 g6 46. Qe4 Rd5 47. Qc4 g5 48. hxg5 Qg4+ 49. Qxg4 hxg4 50. e6 Kf8 51. e7+ Ke8 52. Kxg4 Rxc5 53. g6 Rc1 54. Kf5 Rc5+ 55. Kf6 Rc1 56. Rg2 Rf1+ 57. Ke5 1-0

[Event "Daqing Boyi Cup-B"]
[Site "Daqing"]
[Date "2023.08.13"]
[Round "2"]
[White "Largo, Franchesca"]
[Black "Han, Xu"]
[Result "1-0"]
[WhiteElo "1582"]
[BlackElo "2233"]
[PlyCount "85"]
[EventDate "2023.08.13"]
[EventType "swiss"]
[EventRounds "9"]
[EventCountry "CHN"]
[SourceTitle "EXT 2024"]
[Source "ChessBase"]
[SourceDate "2023.10.10"]
[SourceVersion "1"]
[SourceVersionDate "2023.10.10"]
[SourceQuality "1"]

1. e4 e5 2. Nf3 Nc6 3. Nc3 Nf6 4. d4 exd4 5. Nxd4 Bb4 6. Nxc6 bxc6 7. Bd3 d5 8. exd5 cxd5 9. 0-0 0-0 10. Bg5 c6 11. Qf3 Be7 12. h3 h6 13. Bf4 Be6 14. Rfe1 Bd6 15. Ne2 Re8 16. Nd4 Bxf4 17. Qxf4 Qd7 18. b4 a5 19. a3 a4 20. Re3 Re7 21. Rae1 Rae8 22. b5 c5 23. Nc6 d4 24. Rg3 Kh8 25. Nxe7 Rxe7 26. Qe5 Qc7 27. Bc4 Qxe5 28. Rxe5 Nd7 29. Re1 Kg8 30. c3 Nb6 31. Bxe6 Rxe6 32. Rxe6 fxe6 33. cxd4 cxd4 34. Rd3 e5 35. f4 Kf7 36. fxe5 Ke6 37. Rxd4 Kxe5 38. Rd8 Nc4 39. Rc8 Nd6 40. b6 Nxc8 41. b7 Nd6 42. b8Q Kd5 43. Qb4 1-0

[Event "World School-ch U17 Girls"]
[Site "Rhodes"]
[Date "2023.04.15"]
[Round "2"]
[White "Ciftci, Zeynep"]
[Black "Largo, Franchesca"]
[Result "1-0"]
[WhiteElo "1892"]
[BlackElo "1734"]
[PlyCount "159"]
[EventDate "2023.04.14"]
[EventType "swiss"]
[EventRounds "9"]
[EventCountry "GRE"]
[SourceTitle "EXT 2024"]
[Source "ChessBase"]
[SourceDate "2023.10.10"]
[SourceVersion "1"]
[SourceVersionDate "2023.10.10"]
[SourceQuality "1"]

1. Nf3 Nf6 2. g3 d5 3. d4 Bg4 4. Bg2 Nbd7 5. Ne5 Bf5 6. c4 c6 7. cxd5 cxd5 8. Qb3 Qb6 9. Nc3 e6 10. 0-0 Be7 11. Bg5 Qxd4 12. Nxd7 Nxd7 13. Bxe7 Kxe7 14. Rfd1 Qb6 15. Qa3+ Qd6 16. Qxd6+ Kxd6 17. e4 Bg4 18. f3 Bh5 19. Nxd5 Bxf3 20. Bxf3 exd5 21. Rxd5+ Ke7 22. Rad1 Rhd8 23. e5 Nb6 24. Rxd8 Rxd8 25. Rxd8 Kxd8 26. Kf2 Nc4 27. Bxb7 Nxb2 28. Ke3 Ke7 29. Bd5 Nd1+ 30. Kd4 g6 31. a4 h5 32. a5 Nf2 33. Bf3 Ke6 34. Bd5+ Ke7 35. h4 Ng4 36. Bc4 Nh6 37. Ke4 Nf5 38. Kf4 Nh6 39. Bd3 Ke6 40. a6 Ng4 41. Bc4+ Ke7 42. Ke4 Nh6 43. Kd5 Kd7 44. Bb5+ Kc7 45. Bc4 Nf5 46. Kc5 Nxg3 47. Bxf7 Nf5 48. Bxg6 Nxh4 49. Bxh5 Nf5 50. Be2 Ne7 51. Bb5 Ng6 52. e6 Ne7 53. Bd3 Nc8 54. Kd5 Ne7+ 55. Ke5 Nc6+ 56. Kf6 Kd6 57. Be4 Ne7 58. Kf7 Nc8 59. Bf5 Ne7 60. Bg4 Nd5 61. Bh3 Ne7 62. Ke8 Nc6 63. Kf7 Nd8+ 64. Kf6 Nc6 65. Bg4 Ne7 66. Kf7 Nc6 67. Ke8 Nb4 68. Kd8 Nxa6 69. e7 Nc7 70. Bd7 a6 71. Bc8 a5 72. Bd7 a4 73. Bxa4 Ne6+ 74. Ke8 Ng5 75. Kf8 Nh7+ 76. Ke8 Ng5 77. Bd7 Ne4 78. Bf5 Nf6+ 79. Kf7 Ke5 80. Bc2 1-0